000 01133nam a2200301 i 4500
001 185589
003 SpMaBN
005 20230906222455.0
008 160720s1997 sp |||| |bspa d
020 _a84-397-0141-1
080 _a929 Shalamov, Varlam Tijonovich
080 _a343.819.5(571.5 Kolimá)
080 _a94(47+57)"1925/53"(093.3)
100 1 _aShalámov, Varlam Tijonovich (
_d1907-1982)
_9160180
245 1 0 _aRelatos de Kolymá /
_cVarlam Shalámov ; traducción de Ricardo San Vicente ; epílogo y cronología de I.P. Sirotínskaya.
250 _a1ª ed.
260 _aBarcelona :
_bMondadori,
_c1997.
300 _a509 p. ;
_c23 cm.
490 1 _aLiteratura Mondadori ;
_v71
504 _aBibliografía: p. 509.
600 1 7 _aShalámov, Varlam Tijonovich (
_d1907-1982)
_9160180
651 7 _aKolimá (URSS, Campo de concentración)
_9160181
651 7 _aURSS-
_xHistoria-
_y1925-1953-
_vRelatos personales.
_99473
700 1 _aSan Vicente, Ricardo.
_9102314
830 0 _aLiteratura Mondadori ;
_v71
_9178630
852 _aES-MaACL
_jL-30463
_z. - Donat. Miguel A. Velasco
999 _c185589
_d185589